01247nam a2200289 a 4500001001200000003000800012006001900020007001500039008004100054010001700095020001500112040002100127035002000148050002400168082001700192100003000209245014000239260004400379300002400423504006600447533015200513650004800665650007200713655002900785710001700814856012600831ebr10007381CaPaEBRm u cr cn|||||||||901210s1991 enka sb 001 0 eng  z 90027021  z0415062195 aCaPaEBRcCaPaEBR a(OCoLC)5167365314aHG5993b.A57 1991eb04a336.24/32201 aAndersson, Thomas,d1959-10aMultinational investment in developing countriesh[electronic resource] :ba study of taxation and nationalization /cThomas Andersson. aLondon ;aNew York :bRoutledge,c1991. axvi, 203 p. :bill. aIncludes bibliographical references (p. [184]-191) and index. aElectronic reproduction.bPalo Alto, Calif. :cebrary,d2013.nAvailable via World Wide Web.nAccess may be limited to ebrary affiliated libraries. 0aInvestments, ForeignzDeveloping countries. 0aInternational business enterprisesxTaxationzDeveloping countries. 7aElectronic books.2local2 aebrary, Inc.40uhttp://site.ebrary.com/lib/rucke/Doc?id=10007381zAn electronic book accessible through the World Wide Web; click to view